00251nam a2200097Ia 4500008004100000100001900041245005100060260002100111260000900132546001200141170619s9999 xx 000 0 und d aJalote- Pankaj 3aAn integrated approach to software engineering bNew Delhi Narosa c2005 aENGLISH